• 首页
  • 本馆介绍
  • 公告通知
  • 最新文献
  • 馆藏检索
  • 电子资源
  • 读者导购
  • 参考咨询
  • 我的图书馆
  • 登录
  • 详细信息显示
  • 放入我的书架
  • 预约/预借图书
  • 作者相关作品
  • 分类相关作品
  • 丛书相关作品
  • 出版社相关作品

书目信息

  • 表格格式
  • 工作单格式
  • 卡片格式
题名:
溶剂萃取化学
    
 
作者: 关根达也 , 长谷川佑子 著 ;腾藤 译
分册:  
出版信息: 北京   原子能出版社  1981
页数: 394页
开本: 25cm
丛书名:
单 册:
中图分类: O658.2
科图分类:
主题词: 溶剂萃取
电子资源:
ISBN:
000 00788nam0 2200253 45
001 0181004951
005 20060818175116.76
010    @dCNY3.30
091    @a15175.251
100    @a19950515d1981 emky0chiy0121 ea
101 1  @achi@cjpn
102    @aCN@b110000
105    @ay z 000yy
200 10 @a溶剂萃取化学@Arong ji cui qu hua xue@e原理和应用@f(日)关根达也,长谷川佑子著@F(ri)guan gen da ye,chang gu chuan you zi zhu@g腾藤等译@Gteng teng deng yi
210    @a北京@c原子能出版社@d1981
215    @a394页@d25cm
606    @a溶剂萃取
690    @aO658.2@v3
701  0 @a关根达也@Aguan gen da ye@4著
701  0 @a长谷川佑子@Achang gu chuan you zi@4著
702  0 @a腾藤@Ateng teng@4译
801  2 @aCN@bNLC@c20060818
801  0 @aCN@b上海图书馆@c20060803
905    @dO658.2@e11
    
    溶剂萃取化学:原理和应用/(日)关根达也,长谷川佑子著/腾藤等译.-北京:原子能出版社,1981
    394页;25cm
    
    
    ISBN :CNY3.30
    
●
相关链接 在E读中查询图书 在五车中查询图书 在当当中查询图书 在豆瓣中查询图书


正题名:溶剂萃取化学     索取号:O658.2/11         预约/预借

序号 登录号 条形码 馆藏地/架位号 状态 备注
1 0162556   001943151   第三借阅区/ [索取号:O658.2/11] 在馆    
2 0162557   202158333   密集书库/ [索取号:O658.2/11] 在馆    
3 0439620   204396206   密集书库/ [索取号:O658.2/11] 在馆    
4 0468791   204687918   密集书库/ [索取号:O658.2/11] 在馆    
唐山师范学院图书馆 欢迎您!
大连网信软件有限公司© 版权所有